| 000 | 00695nam a2200229 4500 | ||
|---|---|---|---|
| 001 | BD-DhSAU 7824 | ||
| 003 | BD-DhSAU | ||
| 005 | 20150528161213.0 | ||
| 008 | 720504s1972 nyua rb 001 0 eng | ||
| 040 | _aBD-DhSAU | ||
| 082 | 0 | 0 |
_a540 _222 _bBLF |
| 100 | 1 | _aBlumberg, Avrom A. | |
| 245 | 1 | 0 |
_aForm and function : _bnatural science in a technological society / _cby Avrom A. Blumberg and Jon Stanley. |
| 260 |
_aNew York : _bMcGraw-Hill, _cc1972. |
||
| 300 |
_axviii, 705 p. : _bill. ; _c25 cm. |
||
| 504 | _aIncludes bibliographical references and index. | ||
| 590 | _ajoy | ||
| 650 | 0 | _aScience. | |
| 650 | 0 | _aExtension. | |
| 700 | 1 |
_aStanley, Jon, _ejoint author. |
|
| 942 |
_2ddc _cBOOK |
||
| 999 |
_c7824 _d7824 |
||